000 00738nam a2200229Ii 4500
003 JO-AjNU
008 230605s9999||||xx |||||||||||||| ||und||
017 _a2009/5/1864
020 _a978-9957-07-674-0
040 _aJO-AjNU
_bara
_erda
_cJO-AjNU
041 _aara
050 1 4 _aDF504.5.U23 2010
100 3 _aعبيد، طه خضر ,
_eauthor
_960212
245 0 0 _aتاريخ الدولة البيزنطية 324-1453م
250 _aط1
264 3 1 _aعمان: دار الفكر ناشرون وموزعون، 2010
300 _a259ص
336 _atext
_btxt
_2rdacontent
337 _aunmediated
_bn
_2rdamedia
338 _avolume
_bnc
_2rdacarrier
650 4 _aالامبراطورية البيزنطية - تاريخ
_960213
999 _aA27139
_c30707
_d30707